000
00226nam a22001217a 4500
040
_c
SY
082
_a
333
100
_a
NA
245
_a
Orthophoto production manual
260
_a
RUA
_b
NA
_c
2003
300
_a
29p.
942
_c
EK
999
_c
9645
_d
9645